01453 2200181 4500245003200000020002200032250001100054100001200065700001400077650002000091005001900111260002600130041001400156084001100170300002700181500105400208336000901262 aKarung NyawacHadithahText a978-602-220-265-3 aCet. 1 aHaditha aMB Winata aNovel Indonesia a20230929093737 aJakartabBukunec2018 aIndonesia a808.83 avi, 220 hlm. :c20 cm. aJohan Oman, Pemilik Konter PulsaAh, kejadian lagi, padahal belum juga hilang ingatanku akan kejadian mengerikan itu! Udahlah, tutup konter saja!Janet Masayu, Pemandu KaraokePacarku memang benar-benar trauma akan kejadian itu. Sekarang dia nggak mau keluar sama sekali dari konter pulsa kecilnya. Harus bagaimana ya kalau sudah begini...Zan Zabil Tom Tomi, Penjaga WarnetMenarik! Polisi saja tidak sanggup memecahkan misteri ini.Sepertinya sudah perlu detektif partikelir yang lama nganggur ini turun tangan.Tarom Gawat, Cucu DukunGawat... gawat... GAWAT!Empat pemuda bekerja sama menyelidiki kasus ganjil yang menggegerkan desa. Mereka tidak pernah menyangka akan berada di ranah klenik nan mistik yang membuka rahasia masa lalu kelam Purwosari.Bukan hanya soal pesugihan dengan tumbal, tapi jauh lebih mengerikan lagi, perihal legenda Toklu--Pemulung pemburu kepala manusia yang mungkin benar adanya.Kini mereka harus menghadapi tantangan terbesar ketika mendapati bahwa pemburu dan mangsa terakhir dari semua ini lebih dekat dari yang mereka kira. atext